| 000 | 00895nam a2200265Ia 4500 | ||
|---|---|---|---|
| 003 | OSt | ||
| 005 | 20221006160941.0 | ||
| 006 | a|||||r|||| 00| 0 | ||
| 007 | ta | ||
| 008 | 221006b |||||||| |||| 00| 0 eng d | ||
| 020 |
_a9781786341907 _c _88 |
||
| 024 | _a46,930 | ||
| 037 |
_b109868/1-3-2017, INTERNATIONA BOOK DISTRIBUTER _cAnnuals, Advances |
||
| 040 |
_aEASL _cEASL _beng |
||
| 041 |
_2eng _aeng |
||
| 082 | _aV4951:191.P4-N6, Q7 | ||
| 100 |
_aJONSSON GABRIAL _9675538 |
||
| 245 | 0 | _aSouth Korea in the united nations global governance ,inter- korean relations and peace building | |
| 260 |
_aLONDON _bWorld scientific publishing europe _c2017 |
||
| 300 |
_a296 _ccm. |
||
| 490 | _v KEL | ||
| 650 | _aKEL | ||
| 942 |
_hV4951:191.P4-N6, Q7 _cREF _2CC |
||
| 999 |
_c1115019 _d1115019 |
||